| 000 | 00705nam a2200217Ia 4500 | ||
|---|---|---|---|
| 005 | 20250508155107.0 | ||
| 008 | 008 250505s9999 xx 000 0 eng d | ||
| 037 | _aTextual | ||
| 040 |
_aFEDL _beng _cFEDL |
||
| 041 |
_aeng _2eng |
||
| 084 |
_a370.94, APA _qFEDL |
||
| 100 |
_aApanasewicz Nellie _9763813 |
||
| 245 | 0 | _aEastern Europe Education: A bibliography of English-Language Material | |
| 245 | 0 | _cU S Department of Health, Education and Welfare. Gardner, John W | |
| 260 |
_aWashington, USA _bU.S. Government Printing Office |
||
| 300 | _aiv,35p | ||
| 650 | _aEducation | ||
| 700 |
_a Rosen Seymour M _9766681 |
||
| 942 |
_cTEXL _h370.94, APA |
||
| 999 |
_c1354106 _d1354106 |
||